000 00420nam a2200169Ia 4500
008 230711s9999||||xx |||||||||||||| ||und||
020 _a978-93-525-3574-3
041 _aENG
082 _a153.43
_bAG-L
100 _aAggarwal,R.S
245 2 _aA Modern Approach to Logical Reasoning
250 _a1st Ed.
260 _c2017
_aNew Delhi
_bS.Chand & Company Ltd
300 _a224p.
650 _aLiterature
942 _cBK
999 _c6540
_d6540